000 00470nam a22001817a 4500
003 CEME
005 20210628205411.0
008 210315b xxu||||| |||| 00| 0 eng d
020 _a0-442-01357-4
040 _c.
082 _a621.38254 PAT'S
100 _aPattan, Bruno
_975366
245 _aSatellite systems principles and technologies
260 _aLONDON
_bCHAPMAN & HALL
_c1993
300 _a406P
650 _aARTIFICIAL SATELLITES
_975367
942 _cBK
_2ddc
999 _c580795
_d580795